00780nam a22002057a 450000500170000000800410001702000180005805000230007610000430009924501500014225000120029226000460030430000280035049000270037850400300040550400130043560000420044865100410049070000430053120180907160731.0180710b mx ||||| |||| 00| 0 spa d a978970684176604aF1231.5 bL67 20081 aLópez Cancelada, Juan, d[1765- ]10aSucesos de Nueva España hasta la coronación de Iturbidec/ Juan López Cancelada ; estudio introductorio y notas Verónica Zárate Toscano a1a ed.  aMéxico, D.F. : bInstituto Mora,c2008. a710 p. :bil. ;c23 cm. 0aColección pensadores aBibliografía p. 663-680 aÍndice1 aIturbide, Agustín de, d[1783-1824] 72LEMBaMéxicoxHistoria ySiglo XIX1 aZárate Toscano, Verónica, eprol.